000 00691nam a2200265Ia 4500
001 20278
005 20240114000509.0
007 ta
008 060221s1963 a g b000 u 465 u
040 _aCotton College,Assam
041 _a465
082 _a821
_bP 829 G
100 _aPalgrave, Francis Turner .
245 0 _aThe Golden Treasury /
_cFrancis Turner Palgrave.
_hTextual Documents
250 _a1st ed. /
260 _aLondon :
_bOxford Universsity Press ,
_c1963.
300 _a587p. :
_bill ;
_c17cm .
653 _aEnglish poetry
653 _aG-English
942 _2ddc
_cBK
999 _c20260
_d20260